Tailler la route - Ephémère Paroles - Statistiques

Statistiques générales
  • Ce quiz a été pris 5 fois
  • Le résultat moyen est 243 sur 480
Statistiques - réponses
Hint Réponse % Correct
a
100%
à
100%
en
100%
je
100%
Je
100%
la
100%
le
100%
me
100%
Me
100%
moi
100%
Moi
100%
on
100%
route
100%
se
100%
Tailler
100%
tailler
100%
ça
75%
coeur
75%
comme
75%
dans
75%
de
75%
d'en
75%
Grand Corps Malade Entre
75%
entre
75%
il
75%
Gaël Faye Ils
75%
les
75%
ma
75%
ne
75%
pas
75%
plus
75%
quand
75%
que
75%
savent
75%
sent
75%
suis
75%
te
75%
ton
75%
tous
75%
un
75%
va
75%
vie
75%
amoureux
50%
au
50%
avec
50%
c'est
50%
cette
50%
concerts
50%
courants
50%
d'air
50%
d'attache
50%
des
50%
deux
50%
disent
50%
du
50%
Elle
50%
enfants
50%
est
50%
Et
50%
et
50%
fais
50%
fait
50%
granit
50%
grenadine
50%
gros
50%
ici
50%
j'ai
50%
large
50%
l'eau
50%
leurs
50%
mais
50%
mer
50%
mes
50%
météore
50%
mine
50%
mon
50%
mords
50%
non
50%
Ouai
50%
par
50%
passe
50%
passé
50%
passera
50%
peu
50%
pierre
50%
pour
50%
qui
50%
sens
50%
shit
50%
Si
50%
si
50%
souffre
50%
sur
50%
taillerai
50%
t'effriteras
50%
tu
50%
Admirer
25%
aillent
25%
ailleurs
25%
années
25%
Apprendre
25%
avant
25%
bande
25%
bien
25%
bonheur
25%
calmer
25%
ceux
25%
chante
25%
cités
25%
comment
25%
Comprendre
25%
couleurs
25%
crains
25%
croûtes
25%
dansent
25%
d'autres
25%
depuis
25%
d'être
25%
d'île
25%
dois
25%
douceurs
25%
d'un
25%
entier
25%
Est-ce
25%
étrangères
25%
être
25%
Eviter
25%
fabriquer
25%
face
25%
faire
25%
ferme
25%
fils
25%
fuis
25%
gratter
25%
îlots
25%
J'irai
25%
jours
25%
lâches
25%
l'air
25%
languir
25%
l'aube
25%
l'enfer
25%
lent
25%
l'inventaire
25%
l'ire
25%
livrer
25%
loin
25%
l'onde
25%
lumière
25%
lumières
25%
lunaires
25%
lune
25%
m'arrimer
25%
miles
25%
mille
25%
milliers
25%
moi-même
25%
monde
25%
mots
25%
naviguant
25%
Obsédés
25%
25%
oui
25%
partir
25%
paupières
25%
place
25%
planquer
25%
potes
25%
pourquoi
25%
pourtant
25%
prends
25%
quarante
25%
quartier
25%
Qu'ils
25%
qu'ils
25%
quitter
25%
quitterais
25%
rentre
25%
repères
25%
rester
25%
rien
25%
romans
25%
rythme
25%
schéma
25%
secouer
25%
sédentaire
25%
semblant
25%
serein
25%
souches
25%
soute
25%
tente
25%
terrasse
25%
très
25%
vagues
25%
vais
25%
veux
25%
vieux
25%
Voir
25%
voisin
25%
vue
25%
y
25%
apparence
0%
beaucoup
0%
chaines
0%
changer
0%
combat
0%
connais
0%
date
0%
désolé
0%
dirai
0%
dire
0%
eux
0%
feu
0%
flanche
0%
fraiche
0%
Ben Mazué J'aime
0%
jamais
0%
j'aurai
0%
j'habite
0%
jusqu'à
0%
Refrain Lalibela
0%
l'âme
0%
l'ame
0%
lanterne
0%
larmes
0%
l'hydre
0%
longue
0%
l'or
0%
m'aiment
0%
mal
0%
Marcher
0%
même
0%
m'entourent
0%
parole
0%
pars
0%
passent
0%
pêche
0%
peux
0%
quarantaine
0%
raviver
0%
régulièrement
0%
rengaines
0%
ressourcent
0%
retire
0%
reviendrai
0%
rire
0%
saine
0%
sans
0%
S'attifer
0%
seche
0%
seul
0%
souvent
0%
t'aime
0%
triche
0%
tristes
0%
trop
0%
veut
0%
vidé
0%
viens
0%
Refrain voyagé
0%
Aucun quiz correspondant
Distribution des résultats
% des personnes avec chaque résultat
Percentile par nombre de réponses
Votre historique - résultats
Vous n’avez pas pris ce quiz